| Record ID | ia:fathersandsonsa00schugoog |
| Source | Internet Archive |
| Download MARC XML | https://archive.org/download/fathersandsonsa00schugoog/fathersandsonsa00schugoog_marc.xml |
| Download MARC binary | https://www.archive.org/download/fathersandsonsa00schugoog/fathersandsonsa00schugoog_meta.mrc |
LEADER: 00788cam 22002291 4500
001 20012351
003 DLC
005 20050730212014.0
008 750509s1867 xx 000 0 eng
010 $a 20012351
035 $a(OCoLC)1320657
040 $aDLC$cRPB$dDLC
041 1 $aengrus
042 $apremarc
050 00 $aPZ3.T844$bFa
100 1 $aTurgenev, Ivan Sergeevich,$d1818-1883.
245 00 $aFathers and sons;$ba novel, by Ivan Sergheïevitch Turgenef.$cTranslated from the Russian with the approval of the author, by Eugene Schuyler.
260 $aNew York,$bLeypoldt & Holt,$c1867.
300 $aviii, 248 p.$c17 cm.
500 $aTranslation of Ott︠s︡y i deti.
500 $aTranslated in England under title: Fathers and children.
700 1 $aSchuyler, Eugene,$d1840-1890,$etr.